[Event "Quebec-ch Intercoll"]
[Site "Montreal"]
[Date "1992.04.18"]
[Round "3"]
[White "McMullen, Patrick"]
[Black "Charest, Johanne"]
[Result "0-1"]
[WhiteElo "1413"]
[BlackElo "1846"]
[PlyCount "76"]
[EventDate "1992.04.17"]
[EventType "swiss"]
[EventRounds "6"]
[EventCountry "CAN"]
[SourceTitle "EXT 2022"]
[Source "ChessBase"]
[SourceDate "2021.10.06"]
[SourceVersion "1"]
[SourceVersionDate "2021.10.06"]
[SourceQuality "1"]

1. d4 d5 2. c4 c6 3. Nc3 Nf6 4. Nf3 e6 5. Bf4 Be7 6. e3 0-0 7. Bd3 dxc4 8. Bxc4 Nbd7 9. e4 b5 10. Bd3 Bb7 11. Qc2 h6 12. Qc1 Nh7 13. h4 Re8 14. Rh3 Bf8 15. Rg3 Kh8 16. e5 f5 17. Rg6 b4 18. Ne2 c5 19. Bc4 Bxf3 20. gxf3 Qb6 21. d5 Rad8 22. d6 Qb7 23. Qe3 Nb6 24. Bxe6 Nd5 25. Qd2 Nxf4 26. Qxf4 Bxd6 27. exd6 Nf8 28. Qxf5 Nxg6 29. Qxg6 Qxf3 30. Ng3 Qf6 31. Qxf6 gxf6 32. 0-0-0 Rxe6 33. f3 Rexd6 34. Re1 Rd3 35. Ne4 Rxf3 36. Kc2 Rf4 37. b3 Re8 38. Kd3 f5 0-1